000 01697nam a22005057a 4500
001 0027477
003 KOHA_MİRAKIL
005 20260207002559.0
007 ta
008 110215b2007 tu a|||gr||||#0|||0|tur |
020 _a9789753895156
_q(Tk.)
020 _a9789753895163
_q(c. 1)
020 _c0,01
040 _aTR-BiSEU
_btur
_cTR-BiSEU
_erda
041 0 _atur
044 _ctu
050 _aDR431
_b.A39 2007
100 1 _aAkyavaş, A. Ragıp
_q(Ahmet Ragıp).
245 1 _aDerken efendim :
_btarih ve kültür sohbetleri/
_cA. Ragıp (Ahmet Ragıp) Akyavaş ; A. Ragıp Akyavaş ; edt. Beynun Akyavaş.
264 1 _aAnkara :
_bTürkiye Diyanet Vakfı Yayınları
_c2007
300 _a c. :
_bres. ;
_c24 cm.
336 _ametin
_btxt
_2rdacontent
337 _aaracısız
_bn
_2rdamedia
338 _acilt
_bnc
_2rdacarrier
490 1 _aTürkiye Diyanet Vakfı yayınları ;
_vyayın no.
490 1 _a385.
490 1 _aTarih ve kültür serisi ;
_v15-1,2.
490 1 _a A.
490 1 _aRagıp Akyavaş külliyatı ;
_v7, 8
650 0 _aTarihi yerler--Türkiye.
_954487
650 0 _aHistoric sites--Turkey.
_954488
650 0 _aTürkiye--Eski eserler.
_914459
650 0 _aTurkey--Antiquities.
_914452
650 0 _aTurkey--Tarih.
_954489
650 0 _aTürkiye--History.
_954490
650 0 _aTürkiye--Uygarlık.
_912185
650 0 _aTurkey--Civilization.
_910980
830 1 _aTürkiye Diyanet Vakfı yayınları ;
_vyayın no.
_930290
830 1 _a385.
_949820
830 1 _aTarih ve kültür serisi ;
_v15-1,2.
_954448
830 1 _a A.
_951773
830 1 _aRagıp Akyavaş külliyatı ;
_v7, 8
_954449
907 _aTarih
942 _2lcc
_cBK
999 _c27411
_d27411